Educación cívica 2 : construcción de ciudadanía /
Guardado en:
| Autor Principal: | |
|---|---|
| Otros Autores: | , |
| Formato: | Libro |
| Publicado: |
Buenos Aires :
Aique
|
| Series: | Aique Secundaria
|
| Materias: | |
| Etiquetas: |
Agregar Etiqueta
Sin Etiquetas, Sea el primero en etiquetar este registro!
|
| LEADER | 01283nam a22003375a 4500 | ||
|---|---|---|---|
| 001 | CEM.cems012774 | ||
| 005 | 20080215103214.0 | ||
| 008 | 130507b######################000#0#####d | ||
| 003 | CEMS | ||
| 020 | |a 9789870601166 | ||
| 082 | 0 | 4 | |a Z323 |
| 100 | 1 | |a Schujman, Gustavo | |
| 245 | 1 | 0 | |a Educación cívica 2 : |b construcción de ciudadanía / |c Gustavo Schujman , Miguel Mazzeo y Matías Maito |
| 260 | |a Buenos Aires : |b Aique | ||
| 300 | |a 174 p. | ||
| 490 | 0 | |a Aique Secundaria | |
| 500 | |a Para 2º año Polimodal | ||
| 505 | 0 | |a La convivencia y el conflicto -- El poder y la autoridad -- La política en democracia -- Las organizaciones de la sociedad -- Estado, Nación y Globalización -- Los desafíos de la política y de la ciudadanía | |
| 653 | |a Política | ||
| 653 | |a Educación cívica | ||
| 653 | |a Instrucción cívica | ||
| 653 | |a Educación cívica-polimodal | ||
| 653 | |a Formación ética | ||
| 653 | |a Democracia | ||
| 653 | |a Derechos | ||
| 653 | |a Ciudadanía | ||
| 700 | 1 | |a Mazzeo, Miguel | |
| 700 | 1 | |a Maito, Matías | |
| 859 | |a CEMS |b BIB. CEMS - 11 de abril |h Z323 |i Sch79 |p 25022.08 |t Ej.1 |v 2 |3 2 | ||
| 859 | |a CEMS |b BIB. CEMS - 11 de abril |h Z323 |i Sch79 |p 25301.08 |t Ej.3 |v 2 |3 2 | ||
| 859 | |a CEMS |b BIB. CEMS - 11 de abril |h Z323 |i Sch79 |p 25302.08 |t Ej.2 |v 2 |3 2 | ||
